000 00959nac a22002411u 4500
010 _a 2004011433
020 _a0804750165 (cloth : alk. paper)
020 _a0804750173 (pbk. : alk. paper)
082 0 0 _a327.101
_bP3241
090 _c2699
_d2699
100 _a20080729
245 0 0 _aBalance of power :
_btheory and practice in the 21st century /
_cedited by T.V. Paul, James J. Wirtz, and Michel Fortmann.
260 _aStanford, California :
_bStanford University Press,2004.
300 _axiv, 384 p. ;
_c24 cm.
504 _aIncludes bibliographical references and index.
650 0 _aBalance of power.
650 0 _aInternational relations.
700 1 _aPaul, T. V.
700 1 _aWirtz, James J.,
_d1958-
700 1 _aFortmann, Michel.
942 _cBB
_k327.101P3241
999 _c2699
_d2699